Statistics for Superman III Characters Quiz

Click here to take the quiz!

General Stats

  • This quiz has been taken 7 times
  • The average score is 6 of 10

Answer Stats

Actor/ActressDescriptionCharacter% Correct
Christopher ReeveAfter discovering his origins in the earlier films, he sets himself to helping those on EarthClark Kent / Superman
100%
Margot KidderA reporter at the Daily Planet who has a history with both Clark Kent and SupermanLois Lane
100%
Marc McClureA photographer for the Daily PlanetJimmy Olsen
86%
Jackie CooperThe editor of the Daily PlanetPerry White
86%
Annette O'TooleClark's high school friend who reconciles with Clark after seeing him during their high school reunionLana Lang
71%
Robert VaughnA villainous multimillionaireRoss Webster
57%
Richard PryorA bumbling computer genius who works for Ross Webster and inadvertently gets mixed up in Webster's scheme to destroy SupermanAugust "Gus" Gorman
43%
Gavan O'HerlihyLana's former boyfriendBrad Wilson
43%
Annie RossRoss' sister and partner in his corporation and villainous plansVera Webster
43%
Pamela StephensonRoss' assistant and girlfriendLorelei Ambrosia
14%

Score Distribution

Percentile by Number Answered

Percent of People with Each Score

Your Score History

You have not taken this quiz